Rigaveda mandal-mani-sutra (Record no. 215435)

MARC details
000 -LEADER
fixed length control field 00358nam a2200145Ia 4500
008 - FIXED-LENGTH DATA ELEMENTS--GENERAL INFORMATION
fixed length control field 230917s9999||||xx |||||||||||||| ||und||
040 ## - CATALOGING SOURCE
-- 180324
Original cataloging agency VIVEKANANDA LIBRARY
041 ## - Language
-- English
082 ## - DDC NUMBER
Classification number 294.12 V669R
100 ## - MAIN ENTRY--PERSONAL NAME
Personal name Budhdev
245 #0 - TITLE STATEMENT
Title Rigaveda mandal-mani-sutra
260 ## - PUBLICATION, DISTRIBUTION, ETC. (IMPRINT)
Place of publication, distribution, etc New Delhi
Name of publisher, distributor, etc Samarpan Shodh Samsthan
Date of publication, distribution, etc 1964
300 ## - PHYSICAL DESCRIPTION
Pages 565 p.
942 ## - ADDED ENTRY ELEMENTS (KOHA)
Koha item type Books
Holdings
Withdrawn status Lost status Damaged status Not for loan Location (home branch) Sublocation or collection (holding branch) Date acquired Koha issues (times borrowed) Koha full call number Accession No. Koha date last seen Koha item type
        VIVEKANANDA LIBRARY VIVEKANANDA LIBRARY 22/02/2011 3 294.12 V669R 79422 01/09/2025 Books
© Designed and Maintained by Vivekananda Library, MDU Rohtak